Central Library OPAC University of Rajshahi

The Southeast Asian world : (Record no. 22084)

MARC details
000 -LEADER
fixed length control field 00820cam a22002651 4500
001 - CONTROL NUMBER
control field 22084
003 - CONTROL NUMBER IDENTIFIER
rucl marc code BD-RjUL
005 - DATE AND TIME OF LATEST TRANSACTION
control field 20211209000750.0
008 - FIXED-LENGTH DATA ELEMENTS--GENERAL INFORMATION
fixed length control field 140306s1967 enkabf b 001 0 eng
020 ## - INTERNATIONAL STANDARD BOOK NUMBER
International Standard Book Number 0713501545
035 ## - SYSTEM CONTROL NUMBER
System control number (BD-RjUL)22149
System control number (OCoLC)287355
040 ## - CATALOGING SOURCE
Original cataloging agency DLC
Transcribing agency OAU
Modifying agency OCoLC
-- Uk
-- DLC
-- BD-RjUL
Language of cataloging eng
041 ## - LANGUAGE CODE
Language code of text/sound track or separate title eng
082 ## - DEWEY DECIMAL CLASSIFICATION NUMBER
Classification number 309.159
Author mark and year BUS 1970
100 1# - MAIN ENTRY--PERSONAL NAME
Personal name Buchanan, Keith M.
9 (RLIN) 68194
245 14 - TITLE STATEMENT
Title The Southeast Asian world :
Remainder of title an introductory essay /
Statement of responsibility, etc. by Keith Buchanan.
260 ## - PUBLICATION, DISTRIBUTION, ETC. (IMPRINT)
Place of publication, distribution, etc. London :
Name of publisher, distributor, etc. Bell,
Date of publication, distribution, etc. c1967 [Reprinted 1970].
300 ## - PHYSICAL DESCRIPTION
Pagination 176 p. :
Illustrations 31 plates, maps, tables ;
Size 23 cm.
504 ## - BIBLIOGRAPHY, ETC. NOTE
Bibliography, etc Includes bibliographical references ( p. 164-170) and index.
651 #0 - SUBJECT ADDED ENTRY--GEOGRAPHIC NAME
Geographic name Southeast Asia.
9 (RLIN) 68195
942 ## - ADDED ENTRY ELEMENTS (KOHA)
Source of classification or shelving scheme Dewey Decimal Classification
Koha item type Books
Holdings
Lost status Source of classification or shelving scheme Damaged status Not for loan Collection code Permanent Location Current Location Shelving location Date acquired Source of acquisition Total Checkouts Full call number Date last seen Copy number Koha item type Cost, normal purchase price
  Dewey Decimal Classification     Non-fiction Central Library, University of Rajshahi Central Library, University of Rajshahi   23/02/1973 British Council   309.159 BUS 1970 06/03/2014 C-2 Books  
  Dewey Decimal Classification   Added to bundle Non-fiction Central Library, University of Rajshahi Central Library, University of Rajshahi Reading Room 16/07/1971 N/A   309.159 BUS 1970 06/03/2014 C-1 Books 0.00